| 000 | 00927cam a22002531i 4500 | ||
|---|---|---|---|
| 003 | SA-RiAUC | ||
| 005 | 20260313110131.0 | ||
| 008 | 260308s2014 ua f b 000 0 ara c | ||
| 040 |
_aSA-JeALM _bara _cSA-RiAUC _erda |
||
| 050 | _b.O47 2014 | ||
| 082 | 0 | 4 |
_a907.2 _qSA-RiAUC |
| 090 |
_a907.2 _bم ن ص |
||
| 100 | 1 |
_aمنصور، احمد صبحي _eمؤلف. |
|
| 245 | 1 | 0 |
_aالبحث في مصادر التاريخ الديني _bدراسة علمية _cأحمد صبحي منصور |
| 250 | _aالطبعة الاولى. | ||
| 264 | 1 |
_aالقاهرة. مصر : _bاحمد صبحي منصور _c1984 |
|
| 300 |
_a304 صفحة ؛ _c24 سم |
||
| 336 |
_aنص _btxt _2rdacontent _3كتاب |
||
| 337 |
_aبدون وسيط _bn _2rdamedia |
||
| 650 | 7 |
_aالبحوث التاريخية _2aucsh |
|
| 650 | 7 |
_aالتاريخ _xمناهج بحث _2aucsh |
|
| 942 |
_2ddc _cBOOK _n0 |
||
| 949 |
_aSA-JeALM _d260308 _uosman123 _n1 |
||
| 999 |
_c14537 _d14537 |
||